000 00299nam a22001337a 4500
008 170331b xxu||||| |||| 00| 0 eng d
020 _a9780892037377
041 _aeng
080 _24TH
_a617
100 _a8
101 _aSHM
245 _aORTHOPAEDIC: KNOWLEDGE UPDATE
_cRAO, R.D
942 _2udc
_cBK
999 _c9303
_d9303